Wszystkie powiaty w Polsce na mapie - 5 minutowy sprint - Statystyki

Ogólne statystyki
  • Ten quiz został rozwiązany 429 razy
  • Średni wynik to 66 z 380
Odpowiedzi na mapie
Odpowiedzi zakodowano w zielono-czerwonej skali na mapie do tego quizu, zgodnie z poniższymi procentami.
 
Statystyki odpowiedzi
Powiat % Poprawnych
miasto {Gdańsk}
70%
miasto {Warszawa}
69%
miasto {Gdynia}
65%
miasto {Poznań}
61%
miasto {Kraków}
60%
miasto {Łódź}
60%
miasto {Szczecin}
60%
miasto {Sopot}
55%
miasto {Wrocław}
55%
miasto {Olsztyn}
52%
miasto {Koszalin}
51%
miasto {Lublin}
51%
miasto {Białystok}
49%
miasto {Toruń}
49%
miasto {Bydgoszcz}
48%
miasto {Katowice}
48%
miasto {Rzeszów}
48%
miasto {Słupsk}
47%
opolski
46%
miasto {Radom}
45%
miasto {Opole}
44%
miasto {Kielce}
43%
poznański
41%
miasto {Elbląg}
40%
miasto {Świnoujście}
40%
miasto {Zielona Góra}
40%
słupski
40%
krakowski
39%
miasto {Suwałki}
39%
olsztyński
39%
bielski
38%
koszaliński
38%
miasto {Częstochowa}
38%
miasto {Płock}
38%
wrocławski
38%
lubelski
36%
miasto {Kalisz}
36%
białostocki
35%
bydgoski
35%
gdański
35%
kielecki
35%
miasto {Tarnów}
35%
toruński
35%
miasto {Chełm}
33%
miasto {Gorzów Wielkopolski}
33%
miasto {Konin}
33%
pucki
33%
radomski
33%
elbląski
32%
rzeszowski
32%
suwalski
32%
miasto {Gliwice}
31%
miasto {Łomża}
29%
miasto {Włocławek}
29%
ostrowski
29%
płocki
29%
kaliski
27%
miasto {Bielsko-Biała}
27%
miasto {Zamość}
27%
pilski
27%
tarnowski
27%
gorzowski
26%
miasto {Bytom}
26%
miasto {Grudziądz}
26%
wejherowski
26%
miasto {Siedlce}
25%
augustowski
24%
bialski
24%
częstochowski
24%
ełcki
24%
kołobrzeski
24%
koniński
24%
lęborski
24%
miasto {Jelenia Góra}
24%
miasto {Przemyśl}
24%
miasto {Sosnowiec}
24%
miasto {Zabrze}
24%
tatrzański
24%
tczewski
24%
miasto {Legnica}
23%
miasto {Wałbrzych}
23%
chełmski
22%
krośnieński
22%
malborski
22%
miasto {Leszno}
22%
miasto {Nowy Sącz}
22%
nowodworski
22%
tomaszowski
22%
włocławski
22%
łomżynski
21%
miasto {Biała Podlaska}
21%
miasto {Krosno}
21%
siedlecki
21%
zamojski
21%
brzeski
20%
bytowski
20%
gryficki
20%
miasto {Ostrołęka}
20%
miasto {Rybnik}
20%
miasto {Tarnobrzeg}
20%
policki
20%
świdnicki
20%
zielonogórski
20%
chojnicki
19%
gryfiński
19%
iławski
19%
miasto {Chorzów}
19%
miasto {Tychy}
19%
gołdapski
18%
hajnowski
18%
kłodzki
18%
kolski
18%
miasto {Piotrków Trybunalski}
18%
mielecki
18%
nowosądecki
18%
piotrkowski
18%
przemyski
18%
sanocki
18%
sejneński
18%
średzki
18%
stargardzki
18%
starogardzki
18%
inowrocławski
17%
kartuski
17%
olecki
17%
tarnobrzeski
17%
bieszczadzki
16%
braniewski
16%
grodziski
16%
grudziądzki
16%
leski
16%
miasto {Jaworzno}
16%
miasto {Ruda Śląska}
16%
mławski
16%
nowotarski
16%
ostródzki
16%
piski
16%
bartoszycki
15%
buski
15%
cieszyński
15%
dębicki
15%
drawski
15%
giżycki
15%
goleniowski
15%
grajewski
15%
kamieński
15%
kościerski
15%
kwidzyński
15%
łódzki wschodni
15%
lubiński
15%
miasto {Skierniewice}
15%
moniecki
15%
mrągowski
15%
nowomiejski
15%
ostrołęcki
15%
pruszkowski
15%
sandomierski
15%
sławieński
15%
suski
15%
warszawski-zachodni
15%
zambrowski
15%
chełmiński
14%
gliwicki
14%
jeleniogorski
14%
kolneński
14%
łęczycki
14%
legnicki
14%
łowicki
14%
rycki
14%
sztumski
14%
wałbrzyski
14%
złotowski
14%
żniński
14%
żywiecki
14%
ciechanowski
13%
człuchowski
13%
gnieźnieński
13%
gostyński
13%
hrubieszowski
13%
janowski
13%
kętrzyński
13%
leszczyński
13%
limanowski
13%
łobeski
13%
miasto {Dąbrowa Górnicza}
13%
miasto {Mysłowice}
13%
miasto {Żory}
13%
myśliborski
13%
ostrowiecki
13%
płoński
13%
skierniewicki
13%
sokólski
13%
szczecinecki
13%
turecki
13%
wałecki
13%
zgierski
13%
aleksandrowski
12%
białogardzki
12%
biłgorajski
12%
chrzanowski
12%
działdowski
12%
głogowski
12%
gostyniński
12%
jarociński
12%
jasielski
12%
kępiński
12%
kutnowski
12%
lidzbarski
12%
miński
12%
nidzicki
12%
nyski
12%
oławski
12%
olkuski
12%
otwocki
12%
puławski
12%
pyrzycki
12%
siemiatycki
12%
śremski
12%
bełchatowski
11%
brodnicki
11%
gorlicki
11%
grójecki
11%
jędrzejowski
11%
konecki
11%
kraśnicki
11%
legionowski
11%
lipnowski
11%
łosicki
11%
lubartowski
11%
oleski
11%
opatowski
11%
oświęcimski
11%
pabianicki
11%
sieradzki
11%
sochaczewski
11%
świdwiński
11%
świecki
11%
szczycieński
11%
tucholski
11%
węgorzewski
11%
wysokomazowiecki
11%
żarski
11%
zgorzelecki
11%
choszczeński
10%
dąbrowski
10%
jarosławski
10%
kolbuszowski
10%
łaski
10%
lipski
10%
łukowski
10%
miechowski
10%
mogileński
10%
myślenicki
10%
piaseczyński
10%
przysuski
10%
sokołowski
10%
wadowicki
10%
wielicki
10%
wołomiński
10%
będziński
9%
bocheński
9%
krotoszyński
9%
łańcucki
9%
łęczyński
9%
lubaczowski
9%
lubański
9%
makowski
9%
nakielski
9%
niżański
9%
oleśnicki
9%
parczewski
9%
pińczowski
9%
przeworski
9%
raciborski
9%
radzyński
9%
rawski
9%
rybnicki
9%
rypiński
9%
sierpecki
9%
skarżyski
9%
włodawski
9%
włoszczowski
9%
wyszkowski
9%
zawierciański
9%
żuromiński
9%
żyrardowski
9%
białobrzeski
8%
brzeziński
8%
brzozowski
8%
garwoliński
8%
klobucki
8%
kluczborski
8%
kozienicki
8%
krasnostawski
8%
leżajski
8%
lubliniecki
8%
miasto {Piekary Śląskie}
8%
międzyrzecki
8%
obornicki
8%
opoczyński
8%
polkowicki
8%
proszowicki
8%
przasnyski
8%
pułtuski
8%
radomszczański
8%
rawicki
8%
stalowowolski
8%
starachowicki
8%
szamotulski
8%
wąbrzeski
8%
węgrowski
8%
wieluński
8%
żagański
8%
chodzieski
7%
górowski
7%
jaworski
7%
kazimierski
7%
kościański
7%
miasto {Jastrzębie-Zdrój}
7%
miasto {Siemianowice Śląskie}
7%
miasto {Świętochłowice}
7%
milicki
7%
myszkowski
7%
nowotomyski
7%
pszczyński
7%
radziejowski
7%
sępoleński
7%
słubicki
7%
słupecki
7%
strzyżowski
7%
trzebnicki
7%
wągrowiecki
7%
wodzisławski
7%
wrzesiński
7%
zwoleński
7%
bolesławiecki
6%
golubsko-dobrzyński
6%
międzychodzki
6%
namysłowski
6%
nowosolski
6%
ostrzeszowski
6%
prudnicki
6%
staszowski
6%
strzelecki
6%
świebodziński
6%
szydłowiecki
6%
tarnogórski
6%
wieruszowski
6%
wschowski
6%
czarnkowsko-trzcianecki
5%
głubczycki
5%
kamiennogórski
5%
krapkowicki
5%
lwówecki
5%
mikołowski
5%
pajęczański
5%
pleszewski
5%
poddębicki
5%
ropczycko-sędziszowski
5%
sulęciński
5%
wołowski
5%
wolsztyński
5%
ząbkowicki
5%
złotoryjski
5%
bieruńsko-lędziński
4%
dzierżoniowski
4%
strzelecko-drezdenecki
4%
strzeliński
4%
zduńskowolski
4%
kędzierzyńsko-kozielski
3%
Nie znaleziono quizów pasujących do podanych kryteriów
Rozkład punktacji
Procent ludzi z każdym wynikiem
Percentyl według liczby udzielonych odpowiedzi
Twoja historia wyników
Nie rozwiązałeś tego quizu